000 00236nam a2200097Ia 4500
008 240331s9999 xx 000 0 und d
082 _aSHA
_b4
100 _aShah, G.R
245 4 _aThe encyclopedia of women's studies :
_bvol.1-2
942 _cL
999 _c5560
_d5560